Εκπαίδευση και ειδική αγωγή ατόμων με διαταραχή φάσματος αυτισμού
Saved in:
| Main Author: | |
|---|---|
| Format: | Book |
| Language: | Greek |
| Published: |
Θεσσαλονίκη :
Εκδόσεις Πανεπιστημίου Μακεδονίας,
2016.
|
| Subjects: | |
| Tags: |
Add Tag
No Tags, Be the first to tag this record!
|
MARC
| LEADER | 00000nam a2200000 a 4500 | ||
|---|---|---|---|
| 001 | 1/114135 | ||
| 008 | 170526s2016####gr |||||||||||||| ||gre|| | ||
| 020 | |a 9786185196165 | ||
| 040 | |a GR-MyUa |b gre |c GR-MyUa |e AACR2 | ||
| 041 | 0 | |a gre | |
| 082 | 7 | |a 371.9 |2 (23) | |
| 100 | 1 | |a Συριοπούλου-Δελλή, Χριστίνα Κ. | |
| 245 | 1 | 0 | |a Εκπαίδευση και ειδική αγωγή ατόμων με διαταραχή φάσματος αυτισμού / |c Χριστίνα Κ. Συριοπούλου-Δελλή. |
| 260 | |a Θεσσαλονίκη : |b Εκδόσεις Πανεπιστημίου Μακεδονίας, |c 2016. | ||
| 300 | |a 296 σ. ; |c 21 εκ. | ||
| 650 | 0 | |a Autism in children | |
| 650 | 0 | |a Autistic children. | |
| 650 | 0 | |a Special education. | |
| 650 | 0 | |a Children with autism spectrum disorders |x Education. | |
| 852 | |a INST |b LESVOS |c EUDOXUS |e 20170526 |h 371.9 ΣΥΡ |p 005100059321 |q 005100059321 |t EDX |y 0 | ||
| 920 | |a Εύδοξος |b Παραγγελία |y Λέσβος-ΤΚ |z 2017-05 | ||
| 970 | |a Καμάτσου |b Δέσποινα |z 26-05-2017 | ||